01612nam a22002537a 4500952011800000999001700118008004100135020001800176050002400194100004200218245014500260250001900405260004300424300004400467504011500511505048000626519006101106650003801167650003801205650002301243700004401266700004101310942000701351 00102lcc4070a20b20d2013-02-08l11oHF5686.C8 R52 2004p20 001368r2020-02-26s2020-02-26t1w2013-02-08yLB c89040d89040130208t xxu||||| |||| 00| 0 eng d a9789706863560 aHF5686.C8bR52 2004 aDel Río González Cristobaleautor aCostos históricosb : introducción al estudio de la contabilidad y control de los costos industrialesc / Cristóbal del Rio González a23a. edición aMéxicob : Cengage Learningc , 2004 axlii ; 1 volumen en varias paginaciones aIncluye: Índice de contenido Acerca del autor La portada Preámbulo Prólogo Introducción Bibliografía aDesarrollo histórico de las contabilidades de: costo, financiera, gerecial, directiva o de gestión y administrativa Generalidades Generalidades sobre los sistemas de costos Generalidades sobre la contabilidad de costros industriales Control y contabilización de los elementos del costo Procedimeitnos de control por órdenes de producción, y por clases Procedimientos de control por procesos productivos y por operaciones Costos de producción en común o conjunta aMaterial Complementario / bContaduría / d(20 001368) 0aCONTABILIDADxCOSTOS INDUSTRIALES 0aCONTABILIDADxTEORÍA - HISTORIA 0aSISTEMAS DE COSTOS aRío Sánchez, Cristóbal deleautor aRío Sánchez, Raymundo deleautor cLB